| 000 | 00356 a2200157 4500 | ||
|---|---|---|---|
| 001 | 59982 | ||
| 020 | _a8572631143 | ||
| 040 | _cAnchieta - Pituba | ||
| 100 | _aAndrade, Mário de | ||
| 240 | 1 | 0 |
_aFuvest 97 _lpor |
| 245 | 1 | 0 | _aFuvest 97 |
| 300 | _a227 | ||
| 362 | 0 | _a1996 | |
| 650 | 4 | _a. Vestibulares / Exames de admissão em universidades | |
| 942 | _cBK | ||
| 999 |
_c59982 _d59982 |
||